Common Trees in British Columbia - Statistics

General Stats
  • This quiz has been taken 9 times
  • The average score is 7 of 34
Answer Stats
Tree Bark % Correct
Douglas fir Scientific Name Pseudotsuga menziesii
63%
Bark Colour Brown
50%
Bark Colour Grey
50%
Sitka spruce Scientific Name Picea sitchensis
38%
Western red cedar Scientific Name Thuja plicata
38%
Western hemlock Scientific Name Tsuga heterophylla
38%
Bark Colour Grey-brown
25%
L/N Shape Scale
25%
Texture Smooth
25%
Identification 2 silvery bands
13%
L/N Shape 4-sided
13%
Amabilis fir Scientific Name Abies amabilis
13%
Position All around
13%
Position All around
13%
Tip Blunt
13%
Tip Blunt
13%
Bark Colour Brown-grey
13%
L/N Colour Dark green
13%
L/N Shape Flat
13%
L/N Shape Flat
13%
Identification Groove
13%
Texture Grooved
13%
Shape Grooved
13%
Position Opposite sides
13%
Shape Ovoid
13%
Bark Colour Pale grey
13%
Texture Papery
13%
Cone Colour Purple
13%
Cone Colour Red-yellow
13%
Cone Shape Rose
13%
Tip Sharp
13%
Cone Size Small
13%
Texture Stringy
13%
Cone Flowers Three-pronged
13%
No matching quizzes found
Score Distribution
Percent of People with Each Score
Percentile by Number Answered
Your Score History
You have not taken this quiz